[Event "Nakhchivan Open 2014"]
[Site "Nakhchivan AZE"]
[Date "2014.05.06"]
[Round "3.5"]
[White "Abasov, Nijat"]
[Black "Mamedov, Rauf"]
[Result "0-1"]
[WhiteTitle "GM"]
[BlackTitle "GM"]
[WhiteElo "2516"]
[BlackElo "2660"]
[WhiteFideId "13402960"]
[BlackFideId "13401653"]
[EventDate "2014.05.04"]

1. d4 Nf6 2. Bg5 Ne4 3. Bf4 d5 4. Nd2 Nf6 5. e3 g6 6. Ngf3 Bg7 7. Bd3 O-O 8. O-O
c5 9. c4 cxd4 10. exd4 Nc6 11. c5 Nd7 12. Nb3 a5 13. a4 e5 14. dxe5 Ndxe5 15.
Nxe5 Nxe5 16. Nd4 Qf6 17. Bxe5 Qxe5 18. Nb5 Bd7 19. Rb1 Rfc8 20. Re1 Qf6 21. Rc1
Bf8 22. Be2 Bxc5 23. Bf3 Be6 24. Nc3 Rd8 25. Rc2 Bb4 26. Ree2 Rd7 27. h3 h5 28.
Nb5 Bf5 29. Rc7 Rad8 30. Rxd7 Bxd7 31. Nc7 Bc6 32. Re3 d4 33. Rd3 Rd7 34. Nb5
Re7 35. Be2 h4 36. Nxd4 Be4 37. Rc3 Bxc3 38. bxc3 Bc6 39. Bf1 Re5 40. Qb1 Qe7
41. Qb3 Bd5 42. Qb6 Be4 43. Nb3 Bc2 44. Nxa5 Re1 45. Qb5 Qd8 0-1

[Event "Nakhchivan Open 2014"]
[Site "Nakhchivan AZE"]
[Date "2014.05.06"]
[Round "3.7"]
[White "Gagunashvili, Merab"]
[Black "Zhukova, Natalia"]
[Result "1/2-1/2"]
[WhiteTitle "GM"]
[BlackTitle "GM"]
[WhiteElo "2560"]
[BlackElo "2459"]
[WhiteFideId "13601652"]
[BlackFideId "14101513"]
[EventDate "2014.05.04"]

1. d4 Nf6 2. c4 e6 3. Nc3 Bb4 4. Qc2 d5 5. cxd5 exd5 6. Bg5 h6 7. Bh4 c5 8. dxc5
g5 9. Bg3 Ne4 10. e3 Qa5 11. Rc1 Qxa2 12. Bb5+ Bd7 13. Bxd7+ Nxd7 14. Ne2 Nxc3
15. Nxc3 Qc4 16. h4 Nxc5 17. Rd1 g4 18. Rd4 Qa6 19. h5 Rc8 20. Qf5 Bxc3+ 21.
bxc3 Qa1+ 22. Ke2 Qa2+ 23. Rd2 Qa6+ 24. Ke1 Qa1+ 25. Ke2 Qa6+ 26. Ke1 1/2-1/2

[Event "Nakhchivan Open 2014"]
[Site "Nakhchivan AZE"]
[Date "2014.05.06"]
[Round "3.8"]
[White "Paichadze, Luka"]
[Black "Aghayev, Nijat"]
[Result "1-0"]
[WhiteTitle "GM"]
[BlackTitle "IM"]
[WhiteElo "2535"]
[BlackElo "2407"]
[WhiteFideId "13602934"]
[BlackFideId "13402048"]
[EventDate "2014.05.04"]

1. e4 e5 2. Nc3 Nc6 3. Bc4 Nf6 4. d3 Bb4 5. Ne2 d5 6. exd5 Nxd5 7. O-O Be6 8.
Ne4 O-O 9. N2g3 h6 10. Bxh6 gxh6 11. Bxd5 Bxd5 12. Nf5 f6 13. c3 Bd6 14. Qg4+
Kf7 15. Nexd6+ cxd6 16. c4 Bxg2 17. Kxg2 Rh8 18. Kh1 Ne7 19. Rg1 Nxf5 20. Qxf5
Qc8 21. Qh5+ Kf8 22. Rg6 Qc6+ 23. f3 Re8 24. b4 Re6 25. Qf5 d5 26. b5 Qd6 27. c5
Qe7 28. Rag1 e4 29. Rg7 Re5 30. Rxe7 Rxf5 31. Rxb7 Rxf3 32. Rb8+ Kf7 33. Rxh8
Rxd3 34. c6 Rc3 35. c7 1-0

[Event "Nakhchivan Open 2014"]
[Site "Nakhchivan AZE"]
[Date "2014.05.06"]
[Round "3.9"]
[White "Smirnov, Pavel"]
[Black "Asgarizadeh, Ahmad"]
[Result "1-0"]
[WhiteTitle "GM"]
[WhiteElo "2626"]
[BlackElo "2320"]
[WhiteFideId "4123425"]
[BlackFideId "12505684"]
[EventDate "2014.05.04"]

1. d4 Nf6 2. c4 c5 3. d5 e6 4. Nc3 exd5 5. cxd5 g6 6. e4 d6 7. Nge2 Bg7 8. Ng3
O-O 9. Be2 a6 10. a4 Nbd7 11. O-O Re8 12. Bg5 h6 13. Bf4 Ne5 14. h3 Rb8 15. Qd2
Kh7 16. Be3 Ned7 17. f4 b6 18. e5 dxe5 19. f5 Bb7 20. fxg6+ fxg6 21. Nge4 Nxe4
22. Nxe4 Rf8 23. Rxf8 Nxf8 24. Rd1 Qh4 25. Bg4 Rd8 26. Bf2 Qe7 27. d6 Qe8 28. d7
Qe7 29. Qd6 Qxd6 30. Nxd6 Bc6 31. Nf7 Bxa4 32. Ra1 Rxd7 33. Bxd7 Bxd7 34. Rxa6
b5 35. Bxc5 e4 36. Bxf8 Bxf8 37. Ne5 Bc8 38. Rc6 Bg7 39. Rxc8 1-0

[Event "Nakhchivan Open 2014"]
[Site "Nakhchivan AZE"]
[Date "2014.05.06"]
[Round "3.10"]
[White "Sevdimaliyev, Urfan Adil"]
[Black "Nigalidze, Gaioz"]
[Result "0-1"]
[WhiteTitle "FM"]
[BlackTitle "IM"]
[WhiteElo "2354"]
[BlackElo "2536"]
[WhiteFideId "13402463"]
[BlackFideId "13603078"]
[EventDate "2014.05.04"]

1. e4 c5 2. Nf3 d6 3. d4 cxd4 4. Nxd4 Nf6 5. Nc3 a6 6. Be3 e5 7. Nb3 Be6 8. h3
Be7 9. Qf3 Nbd7 10. O-O-O Rc8 11. g4 h6 12. Kb1 Qc7 13. Bd3 Qc6 14. Na5 Qc7 15.
Nb3 b5 16. Nd5 Bxd5 17. exd5 Nb6 18. Bf5 Rb8 19. h4 g6 20. Bxb6 Qxb6 21. g5 Nh5
22. Bg4 Nf4 23. Qc3 hxg5 24. hxg5 Rxh1 25. Rxh1 Bxg5 26. Qc6+ Qxc6 27. dxc6 Bd8
28. Rh8+ Ke7 29. Bd7 Bc7 30. Rxb8 Bxb8 31. Bc8 Nd5 32. Bxa6 Nc7 33. Bc8 e4 34.
c3 Ba7 35. Nd4 d5 36. Kc2 Kd6 37. Bd7 Ke5 38. Kb3 Bxd4 39. cxd4+ Kxd4 40. a4 Kc5
41. axb5 f5 42. b6 Kxb6 43. Kc3 Nb5+ 44. Kd2 f4 45. Be8 g5 46. Bd7 Nd4 0-1

[Event "Nakhchivan Open 2014"]
[Site "Nakhchivan AZE"]
[Date "2014.05.06"]
[Round "3.11"]
[White "Rasulov, Vugar"]
[Black "Mammadova, Gulnar"]
[Result "1-0"]
[WhiteTitle "GM"]
[BlackTitle "WGM"]
[WhiteElo "2512"]
[BlackElo "2346"]
[WhiteFideId "13402390"]
[BlackFideId "13403508"]
[EventDate "2014.05.04"]

1. e4 g6 2. d4 Bg7 3. Nc3 d6 4. f4 Nf6 5. Nf3 c5 6. d5 O-O 7. Bd3 e6 8. O-O exd5
9. exd5 Na6 10. f5 Nb4 11. fxg6 hxg6 12. Bg5 Nxd3 13. cxd3 Qb6 14. Qd2 Ng4 15.
Kh1 Bd7 16. h3 Ne5 17. Nxe5 Bxe5 18. Bf6 Qb4 19. a3 Qd4 20. Ne4 Bxf6 21. Nxf6+
Kg7 22. Nxd7 Rfe8 23. Rf4 Re2 24. Qxe2 Qxf4 25. Rf1 Qg5 26. Nf6 Qxf6 27. Rxf6
Kxf6 28. b4 cxb4 29. Qb2+ Ke7 30. Qxb4 b6 31. Qh4+ 1-0

[Event "Nakhchivan Open 2014"]
[Site "Nakhchivan AZE"]
[Date "2014.05.06"]
[Round "3.12"]
[White "Lorparizangeneh, Shahin"]
[Black "Gasanov, Eldar"]
[Result "1/2-1/2"]
[WhiteTitle "FM"]
[BlackTitle "GM"]
[WhiteElo "2284"]
[BlackElo "2504"]
[WhiteFideId "12521604"]
[BlackFideId "14104466"]
[EventDate "2014.05.04"]

1. d4 f5 2. Bg5 h6 3. Bh4 g5 4. e3 Nf6 5. Bg3 d6 6. Nc3 Bg7 7. h4 g4 8. h5 Nc6
9. Qd2 O-O 10. O-O-O a6 11. Nge2 b5 12. Nf4 b4 13. Bc4+ Kh7 14. Nce2 d5 15. Bd3
Ne4 16. Bxe4 fxe4 17. Ng6 Rf6 18. Ne5 a5 19. Bh4 Re6 20. Nxg4 a4 21. Kb1 b3 22.
cxb3 axb3 23. a3 Na5 24. Ne5 c6 25. Qc3 Rxe5 26. dxe5 Bg4 27. f3 1/2-1/2

[Event "Nakhchivan Open 2014"]
[Site "Nakhchivan AZE"]
[Date "2014.05.07"]
[Round "4.2"]
[White "Korneev, Oleg"]
[Black "Khismatullin, Denis"]
[Result "1/2-1/2"]
[WhiteTitle "GM"]
[BlackTitle "GM"]
[WhiteElo "2618"]
[BlackElo "2682"]
[WhiteFideId "4156803"]
[BlackFideId "4142578"]
[EventDate "2014.05.04"]

1. e4 c5 2. Nf3 d6 3. d4 cxd4 4. Nxd4 Nf6 5. Nc3 a6 6. Be3 e5 7. Nf3 Be7 8. Bc4
O-O 9. O-O Qc7 10. Bb3 Be6 11. Qe2 b5 12. Rfd1 Nbd7 13. Bg5 Rfc8 14. a3 Rab8 15.
Nd2 Nb6 16. Nf1 Nc4 17. Bxc4 bxc4 18. Rab1 Ng4 19. Bxe7 Qxe7 20. h3 Nf6 21. Ne3
Rb6 22. Ned5 Bxd5 23. Nxd5 Nxd5 24. Rxd5 g6 25. b4 cxb3 26. cxb3 Rc3 27. Rd3 Qc7
28. Qe3 Rbc6 29. b4 Kg7 30. a4 R3c4 31. a5 Qb7 32. Qe1 h5 33. Rd5 Qe7 34. b5
axb5 35. Rdxb5 Qg5 36. Rb6 R6c5 37. Rxd6 Ra4 38. Qd2 Qxd2 39. Rxd2 Rcxa5 40. f3
Ra1 1/2-1/2

[Event "Nakhchivan Open 2014"]
[Site "Nakhchivan AZE"]
[Date "2014.05.07"]
[Round "4.3"]
[White "Mamedov, Rauf"]
[Black "Shanava, Konstantine"]
[Result "1/2-1/2"]
[WhiteTitle "GM"]
[BlackTitle "GM"]
[WhiteElo "2660"]
[BlackElo "2551"]
[WhiteFideId "13401653"]
[BlackFideId "13601784"]
[EventDate "2014.05.04"]

1. e4 c5 2. Nf3 e6 3. d4 cxd4 4. Nxd4 Nc6 5. Nc3 a6 6. Be3 Nge7 7. Nb3 Ng6 8.
Be2 b5 9. O-O Be7 10. f4 d6 11. Qe1 O-O 12. Rd1 Qc7 13. Kh1 Rb8 14. Bg4 b4 15.
Ne2 a5 16. c4 bxc3 17. Qxc3 Qb7 18. e5 Nh4 19. exd6 Bf6 20. Qe1 Nd4 21. Rf2 Nxb3
22. axb3 Bd7 23. Nd4 e5 24. Bf3 exd4 25. Bxb7 dxe3 26. Qxe3 Rxb7 27. Rc2 Be6 28.
Rc7 Rxb3 29. Qc5 h5 30. d7 Rbb8 31. Qxa5 Bd8 32. Qc5 Bxc7 33. Qxc7 Bxd7 34. Qxd7
Rxb2 35. Qh3 Nxg2 36. Rg1 Nxf4 37. Qc3 Rg2 38. Rxg2 Nxg2 39. Kxg2 f5 40. Qc6 Rf6
41. Qe8+ Kh7 42. Qxh5+ Rh6 43. Qxf5+ Kh8 44. Kg3 Rf6 45. Qh5+ Rh6 46. Qf7 Rf6
47. Qe8+ Kh7 48. Kg4 Rh6 49. Qe4+ Kh8 50. Kg5 Rf6 1/2-1/2

[Event "Nakhchivan Open 2014"]
[Site "Nakhchivan AZE"]
[Date "2014.05.07"]
[Round "4.5"]
[White "Pantsulaia, Levan"]
[Black "Paichadze, Luka"]
[Result "1/2-1/2"]
[WhiteTitle "GM"]
[BlackTitle "GM"]
[WhiteElo "2573"]
[BlackElo "2535"]
[WhiteFideId "13602071"]
[BlackFideId "13602934"]
[EventDate "2014.05.04"]

1. d4 d5 2. c4 e6 3. Nc3 Be7 4. Nf3 Nf6 5. Bg5 O-O 6. e3 h6 7. Bh4 Ne4 8. Bxe7
Qxe7 9. Rc1 Nxc3 10. Rxc3 c6 11. Bd3 dxc4 12. Bxc4 Nd7 13. O-O b6 14. Qe2 Bb7 1/2-1/2

[Event "Nakhchivan Open 2014"]
[Site "Nakhchivan AZE"]
[Date "2014.05.07"]
[Round "4.6"]
[White "Mammadov, Zaur"]
[Black "Smirnov, Pavel"]
[Result "0-1"]
[WhiteTitle "IM"]
[BlackTitle "GM"]
[WhiteElo "2453"]
[BlackElo "2626"]
[WhiteFideId "13401033"]
[BlackFideId "4123425"]
[EventDate "2014.05.04"]

1. e4 g6 2. d4 Bg7 3. Nf3 d6 4. Bc4 a6 5. O-O e6 6. Qe2 Ne7 7. c3 O-O 8. a4 Nd7
9. Re1 b6 10. Nbd2 Bb7 11. Nf1 c5 12. Ng3 d5 13. exd5 Nxd5 14. Ne4 cxd4 15. Nxd4
Qc7 16. Bb3 Nc5 17. Nxc5 bxc5 18. Nf3 Nf4 19. Bxf4 Qxf4 20. Bc2 Rab8 21. Rab1
Rfd8 22. Red1 Bd5 23. Ne1 Bc4 24. Nd3 Qc7 25. Qe3 Ba2 26. Ra1 Bd5 27. Rab1 c4
28. Nb4 Bb7 29. Rxd8+ Rxd8 30. Rd1 Rxd1+ 31. Bxd1 a5 32. Na2 Qd7 33. Qe2 Bc6 34.
Qc2 Bh6 35. f3 Be3+ 36. Kh1 Bxa4 37. Qxa4 Qd2 38. g3 Qf2 0-1

[Event "Nakhchivan Open 2014"]
[Site "Nakhchivan AZE"]
[Date "2014.05.07"]
[Round "4.7"]
[White "Dastan, Muhammed Batuhan"]
[Black "Gagunashvili, Merab"]
[Result "1/2-1/2"]
[WhiteTitle "IM"]
[BlackTitle "GM"]
[WhiteElo "2439"]
[BlackElo "2560"]
[WhiteFideId "6300014"]
[BlackFideId "13601652"]
[EventDate "2014.05.04"]

1. e4 c5 2. Nf3 e6 3. d4 cxd4 4. Nxd4 a6 5. Nc3 Qc7 6. Bd3 b5 7. O-O Bb7 8. Re1
Nf6 9. e5 Nd5 10. Nxd5 Bxd5 11. Qg4 Nc6 12. Nxc6 Qxc6 13. Qg3 f5 14. a4 Kf7 15.
h4 Be7 16. Bg5 Bc5 17. Be3 Be7 18. Rad1 Rhc8 19. Re2 Qb7 20. a5 Bd8 21. Bb6 Bxb6
22. axb6 Bc6 23. Re3 Qxb6 24. Qf4 Qc5 25. Rg3 Qe7 26. c3 Kg8 27. Bb1 Kh8 28. Rd6
a5 29. Bd3 a4 30. Qb4 Rcb8 31. Bc2 Qf7 32. Rgd3 Qg6 33. Rg3 Qf7 34. Rgd3 Rf8 35.
Bd1 Qg6 36. Bf3 Be4 37. Re3 Bxf3 38. Rxf3 Qf7 39. Rfd3 f4 40. Rxd7 Qg6 41. Qe7
Rae8 42. Qg5 Rf5 43. Qxg6 hxg6 44. Rd8 Rxd8 45. Rxd8+ Kh7 46. Rd4 Rxe5 47. Rxf4
g5 48. hxg5 Kg6 49. Rb4 Rxg5 50. f3 Rc5 1/2-1/2

[Event "Nakhchivan Open 2014"]
[Site "Nakhchivan AZE"]
[Date "2014.05.07"]
[Round "4.8"]
[White "Nigalidze, Gaioz"]
[Black "Shahaliyev, Ismayil Bahram"]
[Result "1-0"]
[WhiteTitle "IM"]
[WhiteElo "2536"]
[BlackElo "2112"]
[WhiteFideId "13603078"]
[BlackFideId "13406388"]
[EventDate "2014.05.04"]

1. Nf3 Nf6 2. g3 g6 3. Bg2 c5 4. O-O Bg7 5. c3 O-O 6. d4 d6 7. dxc5 dxc5 8. Qa4
Nc6 9. Be3 Qb6 10. Qa3 Nd7 11. Nbd2 Qa5 12. Qxa5 Nxa5 13. Rfd1 Rb8 14. Rac1 b6
15. b4 Nb7 16. Nc4 b5 17. Ncd2 c4 18. Nd4 Nd8 19. a4 a6 20. axb5 axb5 21. Nb1
Ne5 22. Na3 Ng4 23. Ndxb5 Nxe3 24. fxe3 Bh6 25. Kf2 Rb6 26. Nc7 Bb7 27. Nd5 Bxd5
28. Rxd5 Rf6+ 29. Bf3 e6 30. Rd6 1-0

[Event "Nakhchivan Open 2014"]
[Site "Nakhchivan AZE"]
[Date "2014.05.07"]
[Round "4.9"]
[White "Ahmadinia, Ebrahim"]
[Black "Rasulov, Vugar"]
[Result "1/2-1/2"]
[WhiteTitle "IM"]
[BlackTitle "GM"]
[WhiteElo "2371"]
[BlackElo "2512"]
[WhiteFideId "12501891"]
[BlackFideId "13402390"]
[EventDate "2014.05.04"]

1. c4 g6 2. g3 Bg7 3. Bg2 Nf6 4. Nc3 O-O 5. e4 c5 6. Nge2 Nc6 7. O-O d6 8. d3 a6
9. h3 Rb8 10. a4 Bd7 11. Be3 Ne8 12. d4 cxd4 13. Nxd4 Nc7 14. Qd2 Ne6 15. Nxe6
fxe6 16. Rad1 b6 17. b3 Na5 18. Rb1 Nb7 19. f4 Nc5 20. Bd4 Bxd4+ 21. Qxd4 Qc7
22. h4 b5 23. axb5 axb5 24. Kh2 b4 25. Ne2 Rf7 26. Qe3 Rbf8 27. h5 gxh5 28. Bf3
Rg7 29. Bxh5 Bc6 30. Nd4 Bxe4 31. Nxe6 Nxe6 32. Qxe4 Nc5 33. Qe3 Nd7 34. Bg4 Kh8
35. Be6 Nc5 36. Ra1 Nxe6 37. Qxe6 Rfg8 38. Rf3 Qc6 39. Qd5 Qe8 40. Kg2 Qg6 41.
Ra8 Qc2+ 42. Kh3 Qb1 43. Rxg8+ Rxg8 44. Re3 e5 45. fxe5 Qf5+ 46. Kg2 Qc2+ 47.
Kh3 Qf5+ 48. Kg2 Qc2+ 1/2-1/2

[Event "Nakhchivan Open 2014"]
[Site "Nakhchivan AZE"]
[Date "2014.05.07"]
[Round "4.10"]
[White "Pirverdiyev, Agil Kamran"]
[Black "Zhukova, Natalia"]
[Result "0-1"]
[BlackTitle "GM"]
[WhiteElo "2199"]
[BlackElo "2459"]
[WhiteFideId "13400568"]
[BlackFideId "14101513"]
[EventDate "2014.05.04"]

1. c4 c5 2. Nf3 Nc6 3. Nc3 Nf6 4. d4 cxd4 5. Nxd4 e6 6. Ndb5 d5 7. cxd5 Nxd5 8.
e4 Nxc3 9. Qxd8+ Kxd8 10. Nxc3 Bc5 11. Bc4 Ke7 12. Bf4 f6 13. Bg3 Bd7 14. Rc1
Rac8 15. O-O a6 16. a3 b5 17. Ba2 Nd4 18. Rfe1 a5 19. e5 f5 20. Bh4+ Ke8 21.
Rcd1 h6 22. Ne2 Nc2 23. Rxd7 Kxd7 24. Rd1+ Kc6 25. Bxe6 g5 26. Bxc8 Rxc8 27. Bg3
f4 28. Nxf4 gxf4 29. Bxf4 Rf8 30. g3 Nd4 31. Kg2 Ne6 32. Kf3 Bd4 33. Ke4 Nc5+
34. Kf3 Bxe5 35. Rc1 Bxb2 0-1

[Event "Nakhchivan Open 2014"]
[Site "Nakhchivan AZE"]
[Date "2014.05.07"]
[Round "4.11"]
[White "Gasanov, Eldar"]
[Black "Guliev, Logman"]
[Result "1-0"]
[WhiteTitle "GM"]
[BlackTitle "IM"]
[WhiteElo "2504"]
[BlackElo "2386"]
[WhiteFideId "14104466"]
[BlackFideId "13400061"]
[EventDate "2014.05.04"]

1. c4 e6 2. Nc3 d5 3. d4 Nf6 4. Nf3 Be7 5. g3 O-O 6. Bg2 dxc4 7. O-O c5 8. dxc5
Nc6 9. Qa4 Qa5 10. Qxc4 Qxc5 11. Qb3 Qb4 12. Qc2 e5 13. a3 Qc4 14. b3 Qc5 15.
Qb2 Nd4 16. Na4 Nxf3+ 17. exf3 Qb5 18. Re1 Bd6 19. Nc3 Qa6 20. Bg5 Be6 21. Bxf6
gxf6 22. f4 Bc5 23. Ne4 Bd4 24. Nxf6+ Kg7 25. Qd2 Bxa1 26. fxe5 Bf5 27. Rxa1 Bg6
28. h4 Rfd8 29. Qf4 Qe2 30. Bxb7 Rab8 31. Bf3 Qb2 32. Re1 Qd2 33. Re3 Rd3 34.
Ng4 Rxe3 35. Nxe3 Qd8 36. h5 Bd3 37. h6+ Kg8 38. e6 fxe6 39. Qe5 Qf8 40. Bg4 Bf5
41. Nxf5 1-0

[Event "Nakhchivan Open 2014"]
[Site "Nakhchivan AZE"]
[Date "2014.05.07"]
[Round "4.12"]
[White "Guseinov, Gadir"]
[Black "Lorparizangeneh, Shahin"]
[Result "1-0"]
[WhiteTitle "GM"]
[BlackTitle "FM"]
[WhiteElo "2621"]
[BlackElo "2284"]
[WhiteFideId "13401378"]
[BlackFideId "12521604"]
[EventDate "2014.05.04"]

1. e4 e5 2. Nf3 Nc6 3. Bb5 a6 4. Ba4 Nf6 5. O-O Be7 6. d3 b5 7. Bb3 d6 8. a4 Bd7
9. Nc3 Na5 10. Ba2 b4 11. Ne2 O-O 12. Ng3 c5 13. Nh4 g6 14. f4 c4 15. Kh1 Qb6
16. f5 b3 17. cxb3 cxb3 18. Bb1 Nc6 19. a5 Nxa5 20. Bh6 Nc6 21. Bxf8 Rxf8 22. h3
d5 23. Qd2 Kg7 24. exd5 Nxd5 25. Nf3 Ne3 26. Qf2 Bc5 27. f6+ Kh8 28. Ne4 Nxf1
29. Nxc5 Bc8 30. Ng5 Ng3+ 31. Qxg3 Qxc5 32. Ra4 h5 33. Rc4 Qd5 34. Nf3 Nd4 35.
Qg5 Nf5 36. Nh4 Kh7 37. Nxf5 Bxf5 38. Rh4 1-0

[Event "Nakhchivan Open 2014"]
[Site "Nakhchivan AZE"]
[Date "2014.05.08"]
[Round "5.1"]
[White "Shimanov, Aleksandr"]
[Black "Mamedov, Rauf"]
[Result "1/2-1/2"]
[WhiteTitle "GM"]
[BlackTitle "GM"]
[WhiteElo "2636"]
[BlackElo "2660"]
[WhiteFideId "4198603"]
[BlackFideId "13401653"]
[EventDate "2014.05.04"]

1. d4 e6 2. e4 d5 3. Nc3 dxe4 4. Nxe4 Nd7 5. Nf3 Ngf6 6. Bg5 h6 7. Bxf6 Nxf6 8.
Bd3 c5 9. Qe2 cxd4 10. Bb5+ Nd7 11. O-O-O a6 12. Nxd4 Be7 13. Qg4 axb5 14. Nxe6
fxe6 15. Qxg7 Rf8 16. Qg6+ Rf7 17. Qg8+ Rf8 18. Qg6+ Rf7 19. Qg8+ 1/2-1/2

[Event "Nakhchivan Open 2014"]
[Site "Nakhchivan AZE"]
[Date "2014.05.08"]
[Round "5.3"]
[White "Khismatullin, Denis"]
[Black "Savchenko, Boris"]
[Result "0-1"]
[WhiteTitle "GM"]
[BlackTitle "GM"]
[WhiteElo "2682"]
[BlackElo "2559"]
[WhiteFideId "4142578"]
[BlackFideId "4147332"]
[EventDate "2014.05.04"]

1. d4 d5 2. c4 e6 3. Nc3 c6 4. e4 dxe4 5. Nxe4 Bb4+ 6. Bd2 Qxd4 7. Bxb4 Qxe4+ 8.
Be2 Na6 9. Ba5 b6 10. Qd6 Bd7 11. Bc3 f6 12. Rd1 O-O-O 13. Nf3 e5 14. Qa3 Kb7
15. Rd2 Qb1+ 16. Rd1 Qg6 17. O-O Nh6 18. Rfe1 Nc7 19. Nd2 Bg4 20. f3 Bh3 21. Bf1
Bf5 22. c5 Bd3 23. cxb6 axb6 24. Nc4 Bxc4 25. Bxc4 Nf5 26. Rxd8 Rxd8 27. Bf1 Qf7
28. Qa4 Nd4 29. Bxd4 Rxd4 30. Qc2 Qxa2 31. Qxh7 Qf7 32. Ra1 Qd7 33. h4 Rb4 34.
h5 Qd4+ 35. Kh1 Qf2 36. g4 Rxb2 0-1

[Event "Nakhchivan Open 2014"]
[Site "Nakhchivan AZE"]
[Date "2014.05.08"]
[Round "5.5"]
[White "Smirnov, Pavel"]
[Black "Nigalidze, Gaioz"]
[Result "0-1"]
[WhiteTitle "GM"]
[BlackTitle "IM"]
[WhiteElo "2626"]
[BlackElo "2536"]
[WhiteFideId "4123425"]
[BlackFideId "13603078"]
[EventDate "2014.05.04"]

1. d4 Nf6 2. c4 e6 3. g3 d5 4. Bg2 Bb4+ 5. Bd2 Be7 6. Nf3 O-O 7. O-O dxc4 8. Qc2
a6 9. Qxc4 b5 10. Qc2 Bb7 11. Rc1 Nc6 12. e3 Nd5 13. Nc3 Ncb4 14. Qb3 Nb6 15.
Ne5 Bxg2 16. Kxg2 a5 17. a3 a4 18. Qd1 f6 19. Nf3 Nd3 20. Rcb1 c5 21. Nxb5 e5
22. dxc5 Bxc5 23. b4 Be7 24. Qe2 e4 25. Nfd4 Qd7 26. Rf1 Nc4 27. Rad1 f5 28. f3
exf3+ 29. Nxf3 Qxb5 30. Bc3 Nce5 31. Rd2 Rab8 32. e4 Nxf3 33. Rxf3 fxe4 34.
Rxf8+ Rxf8 35. Qxe4 Nxb4 36. Qe6+ Rf7 37. Re2 Qd5+ 38. Qe4 Qxe4+ 39. Rxe4 Nd5
40. Bb2 Bc5 0-1

[Event "Nakhchivan Open 2014"]
[Site "Nakhchivan AZE"]
[Date "2014.05.08"]
[Round "5.6"]
[White "Zhukova, Natalia"]
[Black "Korneev, Oleg"]
[Result "0-1"]
[WhiteTitle "GM"]
[BlackTitle "GM"]
[WhiteElo "2459"]
[BlackElo "2618"]
[WhiteFideId "14101513"]
[BlackFideId "4156803"]
[EventDate "2014.05.04"]

1. d4 d5 2. c4 e6 3. Nc3 c6 4. e4 dxe4 5. Nxe4 Bb4+ 6. Bd2 Qxd4 7. Bxb4 Qxe4+ 8.
Ne2 Nd7 9. Qd6 a5 10. Ba3 c5 11. O-O-O Ra6 12. Qd2 Nh6 13. Ng3 Qh4 14. Bd3 O-O
15. Ne4 Rc6 16. Ng5 Nf5 17. f4 Nf6 18. Nf3 Qh6 19. Ne5 Rd6 20. Rhe1 b6 21. g4
Rxd3 22. Qxd3 Nxg4 23. Nxg4 Qxf4+ 24. Ne3 Bb7 25. b3 Nd4 26. Bb2 e5 27. Rf1 Qxh2
28. Nd5 Qh6+ 29. Kb1 Qd6 30. Qe4 f5 31. Nf6+ Qxf6 32. Qxb7 f4 33. Qd5+ Kh8 34.
Qe4 g5 35. Rde1 Re8 36. Rh1 h6 37. Reg1 Kg7 38. Rh2 Qg6 39. Qxg6+ Kxg6 40. Rgh1
Nf5 41. Rd2 e4 42. Rd5 f3 43. Re5 Rxe5 44. Bxe5 g4 45. Bc7 g3 46. Bxb6 f2 47.
Bxc5 e3 0-1

[Event "Nakhchivan Open 2014"]
[Site "Nakhchivan AZE"]
[Date "2014.05.08"]
[Round "5.7"]
[White "Rzayev, Bahruz"]
[Black "Guseinov, Gadir"]
[Result "0-1"]
[WhiteTitle "IM"]
[BlackTitle "GM"]
[WhiteElo "2432"]
[BlackElo "2621"]
[WhiteFideId "13403036"]
[BlackFideId "13401378"]
[EventDate "2014.05.04"]

1. e4 c5 2. Nf3 Nc6 3. Bb5 d6 4. O-O Bd7 5. c3 Nf6 6. Re1 a6 7. Bf1 Bg4 8. h3
Bxf3 9. Qxf3 e6 10. d3 Be7 11. Nd2 O-O 12. g4 b5 13. Qg3 Nd7 14. Nf3 Nde5 15.
Nxe5 dxe5 16. a3 Bh4 17. Qg2 Ne7 18. Be3 Rc8 19. Red1 f5 20. exf5 exf5 21. gxf5
Nxf5 22. Qe4 Nxe3 23. fxe3 Qg5+ 24. Bg2 Bf2+ 25. Kh1 Bxe3 26. Rf1 Bf4 27. Rf3
Kh8 28. Rg1 Rcd8 29. Bf1 Qf6 30. Rg4 Rd6 31. b4 h5 32. Rg1 cxb4 33. axb4 g5 34.
d4 exd4 35. Bd3 Rf7 36. c4 Re6 37. Qa8+ Rf8 38. Qd5 Re3 39. cxb5 axb5 40. Rxe3
dxe3 41. Qe4 Qf7 42. Bxb5 Rd8 43. Bc4 Qh7 44. Qc6 Qg7 45. Be2 h4 46. b5 Rd6 47.
Qc8+ Qg8 48. Qc3+ Kh7 49. Bd3+ Kh6 50. Be4 Qg7 51. Qc8 Bg3 52. Qe8 Qf6 53. Qg8
Rd7 54. Qc4 Rd4 55. Rf1 Bf2 56. Qc3 e2 57. Rxf2 Rd1+ 0-1

[Event "Nakhchivan Open 2014"]
[Site "Nakhchivan AZE"]
[Date "2014.05.08"]
[Round "5.8"]
[White "Abdulov, Orkhan"]
[Black "Pantsulaia, Levan"]
[Result "1-0"]
[WhiteTitle "IM"]
[BlackTitle "GM"]
[WhiteElo "2336"]
[BlackElo "2573"]
[WhiteFideId "13402714"]
[BlackFideId "13602071"]
[EventDate "2014.05.04"]

1. e4 c5 2. Nf3 e6 3. d4 cxd4 4. Nxd4 a6 5. Bd3 Nf6 6. O-O d6 7. c4 g6 8. Nc3
Bg7 9. Qe2 O-O 10. Rd1 Qc7 11. Nf3 Nc6 12. Bf4 Nh5 13. Be3 Ne5 14. Nxe5 Bxe5 15.
g3 Bd7 16. Rac1 Rac8 17. b4 Rfe8 18. f4 Bg7 19. Qf2 Nf6 20. h3 Qb8 21. g4 Bc6
22. b5 axb5 23. g5 Nh5 24. cxb5 Bd7 25. Na4 Rxc1 26. Rxc1 h6 27. Nb6 Qd8 28. h4
hxg5 29. hxg5 e5 30. f5 Nf4 31. Bxf4 exf4 32. f6 Be6 33. a4 Bxf6 34. gxf6 Qxf6
35. a5 Kg7 36. a6 bxa6 37. bxa6 f3 38. Rb1 Bh3 39. Rb5 Rh8 40. Qb2 f2+ 41. Qxf2
Qa1+ 42. Rb1 Qa5 43. Nd5 Rh5 44. Qf6+ Kh6 45. Qh8+ Kg5 46. Qc3 1-0